Understanding Group Dynamics (Record no. 85036)
[ view plain ]
| 000 -LEADER | |
|---|---|
| fixed length control field | 00584nam a22002177a 4500 |
| 003 - CONTROL NUMBER IDENTIFIER | |
| control field | URS |
| 005 - DATE AND TIME OF LATEST TRANSACTION | |
| control field | 20250828100514.0 |
| 008 - FIXED-LENGTH DATA ELEMENTS--GENERAL INFORMATION | |
| fixed length control field | 250318b ||||| |||| 00| 0 eng d |
| 020 ## - INTERNATIONAL STANDARD BOOK NUMBER | |
| International Standard Book Number | 9789814314411 |
| 040 ## - CATALOGING SOURCE | |
| Transcribing agency | URS |
| 050 ## - LIBRARY OF CONGRESS CALL NUMBER | |
| Classification number | HM131 |
| Item number | .F775 2011 |
| 100 1# - MAIN ENTRY--PERSONAL NAME | |
| 9 (RLIN) | 6950 |
| Personal name | Forsyth, Donelson R., |
| Dates associated with a name | 1953- |
| 245 ## - TITLE STATEMENT | |
| Title | Understanding Group Dynamics |
| 264 ## - PRODUCTION, PUBLICATION, DISTRIBUTION, MANUFACTURE, AND COPYRIGHT NOTICE | |
| Place of production, publication, distribution, manufacture | Andoven |
| Name of producer, publisher, distributor, manufacturer | Cengage Learning |
| Date of production, publication, distribution, manufacture, or copyright notice | ©2011 |
| 300 ## - PHYSICAL DESCRIPTION | |
| Extent | 642 pages.,: |
| Dimensions | 24 cm. |
| 336 ## - CONTENT TYPE | |
| Source | rdacontent |
| Content type term | text |
| 337 ## - MEDIA TYPE | |
| Source | rdamedia |
| Media type term | unmediated |
| 338 ## - CARRIER TYPE | |
| Source | rdacarrier |
| Carrier type term | volume |
| 650 #0 - SUBJECT ADDED ENTRY--TOPICAL TERM | |
| 9 (RLIN) | 6951 |
| Topical term or geographic name entry element | Social groups |
| 942 ## - ADDED ENTRY ELEMENTS (KOHA) | |
| Source of classification or shelving scheme | Library of Congress Classification |
| Koha item type | Reserved Books |
| Withdrawn status | Source of classification or shelving scheme | Damaged status | Not for loan | Collection code | Home library | Current library | Date acquired | Total Checkouts | Full call number | Barcode | Date last seen | Copy number | Price effective from | Koha item type |
|---|---|---|---|---|---|---|---|---|---|---|---|---|---|---|
| Library of Congress Classification | Non-fiction | Morong Graduate Library | Morong Graduate Library | 03/18/2025 | HM131 .F775 2011 | URSMOR-GL-5588 | 03/18/2025 | 1 | 03/18/2025 | Reserved Books | ||||
| Library of Congress Classification | Non-fiction | Morong Graduate Library | Morong Graduate Library | 03/18/2025 | HM131 .F775 2011 | URSMOR-GL-5589 | 03/18/2025 | 2 | 03/18/2025 | Reserved Books |